Daily Capital City Riddle #102 - Statistics

General Stats
  • This quiz has been taken 39 times
  • The average score is 31 of 33
Answer Stats
Type Answer % Correct
Alphabet Letter A
100%
Found Letter C
100%
Alphabet Letter D
100%
Alphabet Letter I
100%
Alphabet Letter L
100%
Alphabet Letter N
100%
Alphabet Letter R
100%
Correctly Placed Letter S
100%
Found Letter S
100%
Alphabet Letter T
100%
Alphabet Letter U
100%
Alphabet Letter B
97%
Alphabet Letter E
97%
Alphabet Letter H
97%
Found Letter M
97%
Alphabet Letter G
94%
Correctly Placed Letter M
94%
Correctly Placed Letter O
94%
Found Letter O
94%
Alphabet Letter P
94%
Alphabet Letter J
91%
Alphabet Letter K
91%
Correctly Placed Letter O
91%
Found Letter W
91%
Alphabet Letter Y
91%
Correctly Placed Letter C
88%
Alphabet Letter F
88%
Alphabet Letter X
88%
Alphabet Letter Z
88%
Mystery Capital Moscow
84%
Alphabet Letter Q
84%
Alphabet Letter V
84%
Correctly Placed Letter W
84%
No matching quizzes found
Score Distribution
Percent of People with Each Score
Percentile by Number Answered
Your Score History
You have not taken this quiz